000 00991nas a2200289 4500
001 BR9403649
003 BR-BrBNA
005 20231205093648.0
007 ta
008 230509b bl.|||p| |||| 00| 00por d
040 _aBR-BrBNA
_bpor
_cBiblioteca Nacional de Agricultura
041 _a(Pt)
072 _aF04; F60
100 1 _aZanetti, M.A.
100 1 _aGomide, C.A.
100 1 _aHerling, V.R.
100 1 _aLima, C.G.
245 1 _aInfluencia de niveis de adubacao nitrogenada e potassica e estadios de crescimento sobre o capim setaria (Setaria anceps Stapf Ex. Massey cv; Kazungula). 2. Composicao quimica
650 _aSetaria
650 _aFertilizante Nitrogenado
650 _aFertilizante Potassico
650 _aComposicao Quimica
650 _aCrescimento
773 0 _tRevista da Sociedade Brasileira de Zootecnia (Brazil)
_xISSN 0100-4859
_g(Jul-Aug 1992), v. 21(4) p. 545-553
_wBR9403649
909 _a202311
_bLúcia
_c55
_dLúcia Elande
942 _2AGRIS
_n0
_cANA
999 _c139736
_d139736